Chế kế toán ngân sách và tài chính xã: Ban hành theo quyết định sô 94/2005/QĐ-BTC ngày 12/12/2005 của Bộ trưởng Bộ tài chính
v.v...
Đã lưu trong:
| Tác giả chính: | |
|---|---|
| Định dạng: | Sách |
| Năm xuất bản: |
H.:
Tài chính,
2006.
|
| Chủ đề: | |
| Tags: |
Thêm thẻ
Không có thẻ, Hãy là người đầu tiên gắn thẻ bản ghi này!
|
| LEADER | 00615nam a2200145 4500 | ||
|---|---|---|---|
| 082 | |a 657.97 |b CH250đ | ||
| 100 | |a Bộ tài chính | ||
| 245 | |a Chế kế toán ngân sách và tài chính xã: Ban hành theo quyết định sô 94/2005/QĐ-BTC ngày 12/12/2005 của Bộ trưởng Bộ tài chính |c Bộ tài chính | ||
| 260 | |a H.: |b Tài chính, |c 2006. | ||
| 300 | |a 280 tr.; |c 25 cm. | ||
| 520 | |a v.v... | ||
| 653 | |a Kế toán | ||
| 942 | |2 ddc |c SH | ||
| 999 | |c 7041 |d 7041 | ||
| 952 | |0 0 |1 0 |2 ddc |4 0 |6 657_970000000000000_CH250Đ |7 0 |8 600 |9 65372 |a qbu |b qbu |c D3 |d 2015-01-27 |g 50000 |o 657.97 CH250đ |p 6464.c1 |r 0000-00-00 |w 2015-01-27 |y SH | ||